Bluey - Quiz à Choix Multiple - Statistiques

Statistiques générales
  • Ce quiz a été pris 11 fois
  • Le résultat moyen est 10 sur 16
Statistiques - réponses
Question Réponse % Correct
Quel est le prénom de la petite sœur de Bluey ? Bingo
91%
Quelle est la maison de Bluey ?
82%
Et comment s'appelle son père ? Bandit
82%
Comment s'appelle la mère de Bluey ? Chilli
82%
Comment s'appellent les triplets qui aiment jouer à la guerre ? Les Terriers
73%
Quel record détenait cette série en 2024 et en 2025 ? Série la plus visionnée en streaming aux États-Unis
73%
Dans quel pays se déroule la série ? Australie
64%
Qui est Calypso ? La maitresse de Bluey
64%
Lequel des personnages suivants est Mackenzie ?
55%
Parmi les noms suivants, lequel N'EST PAS celui d'une cousine de Bluey ? Cookie
55%
Pendant la course d'obstacle, à quel animal le père de Bluey se compare-t-il ? Une mangouste
55%
Quelle est la phrase favorite de Monsieur Licorne ? Eeeeeet j'en ai rien à faire !
45%
Comment se prénomme le petit bouledogue anglais qui se qualifie de "très obéissant" ? Winton
45%
De quelle race de chien est Chloé, une amie de Bluey ? Dalmatien
36%
Quel sport pratique la mère de Bluey ? Du hockey
36%
Que sont Janet et Rita ? Des grands-mères
27%
Aucun quiz correspondant
Distribution des résultats
% des personnes avec chaque résultat
Percentile par nombre de réponses
Votre historique - résultats
Vous n’avez pas pris ce quiz